00387nam a2200097Ia 4500008004100000100001900041245013700060260002700197650002000224856004500244171212s9999 xx 000 0 und d aGarber, Steven cGarber, StevenaEconomic Effects of Product Liability and Other Litigation Involving the Safety and Effectiveness of Pharmaceuticals bRAND Corporationc2013 aHealth Sciences uwww.jstor.org/stable/10.7249/j.ctt2jc9fj